MARC details
| 000 -LEADER |
| fixed length control field |
06681nam a22007575i 4500 |
| 005 - DATE AND TIME OF LATEST TRANSACTION |
| control field |
20230718140418.0 |
| 006 - FIXED-LENGTH DATA ELEMENTS--ADDITIONAL MATERIAL CHARACTERISTICS |
| fixed length control field |
m|||||o||d|||||||| |
| 007 - PHYSICAL DESCRIPTION FIXED FIELD--GENERAL INFORMATION |
| fixed length control field |
cr || |||||||| |
| 008 - FIXED-LENGTH DATA ELEMENTS--GENERAL INFORMATION |
| fixed length control field |
221201t20222022gw fo d z eng d |
| 010 ## - LIBRARY OF CONGRESS CONTROL NUMBER |
| LC control number |
2022941907 |
| 020 ## - INTERNATIONAL STANDARD BOOK NUMBER |
| International Standard Book Number |
9783110748819 |
| 040 ## - CATALOGING SOURCE |
| Original cataloging agency |
DE-B1597 |
| Language of cataloging |
eng |
| Transcribing agency |
DE-B1597 |
| Description conventions |
rda |
| 041 0# - LANGUAGE CODE |
| Language code of text/sound track or separate title |
eng |
| 245 00 - TITLE STATEMENT |
| Title |
History of Intellectual Culture 1/2022 : |
| Remainder of title |
Participatory Knowledge / |
| Statement of responsibility, etc. |
ed. by Charlotte A. Lerg, Johan Östling, Jana Weiß. |
| 264 #1 - PRODUCTION, PUBLICATION, DISTRIBUTION, MANUFACTURE, AND COPYRIGHT NOTICE |
| Place of production, publication, distribution, manufacture |
München ; |
| -- |
Wien : |
| Name of producer, publisher, distributor, manufacturer |
De Gruyter Oldenbourg, |
| Date of production, publication, distribution, manufacture, or copyright notice |
[2022] |
| 264 #4 - PRODUCTION, PUBLICATION, DISTRIBUTION, MANUFACTURE, AND COPYRIGHT NOTICE |
| Date of production, publication, distribution, manufacture, or copyright notice |
©2022 |
| 300 ## - PHYSICAL DESCRIPTION |
| Extent |
1 online resource (VI, 255 p.) |
| 336 ## - CONTENT TYPE |
| Content type term |
text |
| Content type code |
txt |
| Source |
rdacontent |
| 337 ## - MEDIA TYPE |
| Media type term |
computer |
| Media type code |
c |
| Source |
rdamedia |
| 338 ## - CARRIER TYPE |
| Carrier type term |
online resource |
| Carrier type code |
cr |
| Source |
rdacarrier |
| 347 ## - DIGITAL FILE CHARACTERISTICS |
| File type |
text file |
| Encoding format |
PDF |
| Source |
rda |
| 490 0# - SERIES STATEMENT |
| Series statement |
History of Intellectual Culture : International Yearbook of Knowledge and Society , |
| International Standard Serial Number |
2747-6766 ; |
| Volume/sequential designation |
1 |
| 505 00 - FORMATTED CONTENTS NOTE |
| Title |
Frontmatter -- |
| -- |
Table of Contents -- |
| -- |
Introducing the Yearbook History of Intellectual Culture -- |
| -- |
Section I: Individual Articles -- |
| -- |
Citation and Mediation: The Evolution of MLA Style -- |
| -- |
The Man in the Mirror: Jacques Lacan's American Reception -- |
| -- |
Object Photography, Illustrated Price Catalogues, and the Circulation of Knowledge -- |
| -- |
Section II: Participatory Knowledge -- |
| -- |
Participatory Knowledge: Conceptual Thoughts -- |
| -- |
Empirical Research as a Form of Participatory Knowledge? The Sociological Projects of the Frankfurt School as Democratic Practice -- |
| -- |
Amateur Eugenics: The "Great-Mother in Dalecarlia" Genealogy Project and the Collaboration Between the Swedish Institute for Race Biology and the General Public, 1930‒1935 -- |
| -- |
Folklore, Teachers, and Collective Knowledge in Argentina in the Early Twentieth Century -- |
| -- |
Critical Tendencies and the Production of Knowledge: Contention, Coalition, and Antagonism in the Digital Public Sphere -- |
| -- |
Section III: Engaging the Field -- |
| -- |
Positive Discourse Analysis: A Method for the History of Knowledge? -- |
| -- |
Documenting COVID-19 for Future Historians? -- |
| -- |
Contributors |
| 506 0# - RESTRICTIONS ON ACCESS NOTE |
| Standardized terminology for access restriction |
unrestricted online access |
| Source of term |
star |
| 520 ## - SUMMARY, ETC. |
| Summary, etc. |
With concepts of participation discussed in multiple disciplines from media studies to anthropology, from political sciences to sociology, the first issue of the new yearbook History of Intellectual Culture (HIC) dedicates a thematic section to the way knowledge can and arguably must be conceptualized as "participatory". Introducing and exploring "participatory knowledge", the volume aims to draw attention to the potential of looking at knowledge formation and circulation through a new lens and to open a dialogue about how and what concepts and theories of participation can contribute to the history of knowledge. By asking who gets to participate in defining what counts as knowledge and in deciding whose knowledge is circulated, modes of participation enter into the examination of knowledge on various levels and within multiple cultural contexts. The articles in this volume attest to the great variety of approaches, contexts, and interpretations of "participatory knowledge", from the sociological projects of the Frankfurt School to the Uppsala-based Institute for Race Biology, from the Argentinian National Folklore Survey to current hashtag activism and Covid-19-archive projects. HIC sees knowledge as rooted in social and political structures, determined by modes of transfer and produced in collaborative processes. The notion of "participatory knowledge" highlights in a compelling way how knowledge is rooted in cultural practices and social configurations. |
| 530 ## - ADDITIONAL PHYSICAL FORM AVAILABLE NOTE |
| Additional physical form available note |
Issued also in print. |
| 536 ## - FUNDING INFORMATION NOTE |
| Text of note |
funded by University of Lund |
| 538 ## - SYSTEM DETAILS NOTE |
| System details note |
Mode of access: Internet via World Wide Web. |
| 540 ## - TERMS GOVERNING USE AND REPRODUCTION NOTE |
| Terms governing use and reproduction |
This eBook is made available Open Access under a CC BY-NC-ND 4.0 license: |
| Uniform Resource Identifier |
<a href="https://creativecommons.org/licenses/by-nc-nd/4.0 ">https://creativecommons.org/licenses/by-nc-nd/4.0 </a> |
| -- |
<a href="https://www.degruyter.com/dg/page/open-access-policy">https://www.degruyter.com/dg/page/open-access-policy</a> |
| 546 ## - LANGUAGE NOTE |
| Language note |
In English. |
| 588 0# - SOURCE OF DESCRIPTION NOTE |
| Source of description note |
Description based on online resource; title from PDF title page (publisher's Web site, viewed 01. Dez 2022) |
| 650 #4 - SUBJECT ADDED ENTRY--TOPICAL TERM |
| Topical term or geographic name entry element |
Kulturgeschichte. |
| 650 #4 - SUBJECT ADDED ENTRY--TOPICAL TERM |
| Topical term or geographic name entry element |
Partizipatives Wissen. |
| 650 #4 - SUBJECT ADDED ENTRY--TOPICAL TERM |
| Topical term or geographic name entry element |
Sozialgeschichte. |
| 650 #4 - SUBJECT ADDED ENTRY--TOPICAL TERM |
| Topical term or geographic name entry element |
Wissensgeschichte. |
| 653 ## - INDEX TERM--UNCONTROLLED |
| Uncontrolled term |
Cultural History. |
| 653 ## - INDEX TERM--UNCONTROLLED |
| Uncontrolled term |
History of Knowledge. |
| 653 ## - INDEX TERM--UNCONTROLLED |
| Uncontrolled term |
Participatory Knowledge. |
| 653 ## - INDEX TERM--UNCONTROLLED |
| Uncontrolled term |
Transatlantic History. |
| 700 1# - ADDED ENTRY--PERSONAL NAME |
| Personal name |
Ahlstedt Åberg, Måns, |
| Relator term |
contributor. |
| Relator code |
ctb |
| -- |
https://id.loc.gov/vocabulary/relators/ctb |
| 700 1# - ADDED ENTRY--PERSONAL NAME |
| Personal name |
Bach, Maria, |
| Relator term |
contributor. |
| Relator code |
ctb |
| -- |
https://id.loc.gov/vocabulary/relators/ctb |
| 700 1# - ADDED ENTRY--PERSONAL NAME |
| Personal name |
Carolina Arias, Ana, |
| Relator term |
contributor. |
| Relator code |
ctb |
| -- |
https://id.loc.gov/vocabulary/relators/ctb |
| 700 1# - ADDED ENTRY--PERSONAL NAME |
| Personal name |
Gitelman, Lisa, |
| Relator term |
contributor. |
| Relator code |
ctb |
| -- |
https://id.loc.gov/vocabulary/relators/ctb |
| 700 1# - ADDED ENTRY--PERSONAL NAME |
| Personal name |
Krebs, Stefan, |
| Relator term |
contributor. |
| Relator code |
ctb |
| -- |
https://id.loc.gov/vocabulary/relators/ctb |
| 700 1# - ADDED ENTRY--PERSONAL NAME |
| Personal name |
Lerg, Charlotte A., |
| Relator term |
contributor. |
| Relator code |
ctb |
| -- |
https://id.loc.gov/vocabulary/relators/ctb |
| 700 1# - ADDED ENTRY--PERSONAL NAME |
| Personal name |
Lerg, Charlotte A., |
| Relator term |
editor. |
| Relator code |
edt |
| -- |
http://id.loc.gov/vocabulary/relators/edt |
| 700 1# - ADDED ENTRY--PERSONAL NAME |
| Personal name |
Logge, Thorsten, |
| Relator term |
contributor. |
| Relator code |
ctb |
| -- |
https://id.loc.gov/vocabulary/relators/ctb |
| 700 1# - ADDED ENTRY--PERSONAL NAME |
| Personal name |
Manker, Elin, |
| Relator term |
contributor. |
| Relator code |
ctb |
| -- |
https://id.loc.gov/vocabulary/relators/ctb |
| 700 1# - ADDED ENTRY--PERSONAL NAME |
| Personal name |
Savage, Dillon, |
| Relator term |
contributor. |
| Relator code |
ctb |
| -- |
https://id.loc.gov/vocabulary/relators/ctb |
| 700 1# - ADDED ENTRY--PERSONAL NAME |
| Personal name |
Shakil Gröppmaier, Sakina, |
| Relator term |
contributor. |
| Relator code |
ctb |
| -- |
https://id.loc.gov/vocabulary/relators/ctb |
| 700 1# - ADDED ENTRY--PERSONAL NAME |
| Personal name |
Steinhauer, Emily, |
| Relator term |
contributor. |
| Relator code |
ctb |
| -- |
https://id.loc.gov/vocabulary/relators/ctb |
| 700 1# - ADDED ENTRY--PERSONAL NAME |
| Personal name |
Tebeau, Mark, |
| Relator term |
contributor. |
| Relator code |
ctb |
| -- |
https://id.loc.gov/vocabulary/relators/ctb |
| 700 1# - ADDED ENTRY--PERSONAL NAME |
| Personal name |
Weiß, Jana, |
| Relator term |
contributor. |
| Relator code |
ctb |
| -- |
https://id.loc.gov/vocabulary/relators/ctb |
| 700 1# - ADDED ENTRY--PERSONAL NAME |
| Personal name |
Weiß, Jana, |
| Relator term |
editor. |
| Relator code |
edt |
| -- |
http://id.loc.gov/vocabulary/relators/edt |
| 700 1# - ADDED ENTRY--PERSONAL NAME |
| Personal name |
Zumthurm, Tizian, |
| Relator term |
contributor. |
| Relator code |
ctb |
| -- |
https://id.loc.gov/vocabulary/relators/ctb |
| 700 1# - ADDED ENTRY--PERSONAL NAME |
| Personal name |
Östling, Johan Ö, |
| Relator term |
contributor. |
| Relator code |
ctb |
| -- |
https://id.loc.gov/vocabulary/relators/ctb |
| 700 1# - ADDED ENTRY--PERSONAL NAME |
| Personal name |
Östling, Johan, |
| Relator term |
contributor. |
| Relator code |
ctb |
| -- |
https://id.loc.gov/vocabulary/relators/ctb |
| 700 1# - ADDED ENTRY--PERSONAL NAME |
| Personal name |
Östling, Johan, |
| Relator term |
editor. |
| Relator code |
edt |
| -- |
http://id.loc.gov/vocabulary/relators/edt |
| 710 2# - ADDED ENTRY--CORPORATE NAME |
| Corporate name or jurisdiction name as entry element |
University of Lund |
| Relator term |
funder. |
| Relator code |
fnd |
| -- |
http://id.loc.gov/vocabulary/relators/fnd |
| 776 0# - ADDITIONAL PHYSICAL FORM ENTRY |
| Qualifying information |
EPUB |
| International Standard Book Number |
9783110748925 |
| 776 0# - ADDITIONAL PHYSICAL FORM ENTRY |
| Qualifying information |
print |
| International Standard Book Number |
9783110748611 |
| 856 40 - ELECTRONIC LOCATION AND ACCESS |
| Uniform Resource Identifier |
<a href="https://doi.org/10.1515/9783110748819">https://doi.org/10.1515/9783110748819</a> |
| Public note |
Open Access |
| -- |
0 |
| 856 40 - ELECTRONIC LOCATION AND ACCESS |
| Uniform Resource Identifier |
<a href="https://www.degruyter.com/isbn/9783110748819">https://www.degruyter.com/isbn/9783110748819</a> |
| Public note |
Open Access |
| -- |
0 |
| 856 42 - ELECTRONIC LOCATION AND ACCESS |
| Materials specified |
Cover |
| Uniform Resource Identifier |
<a href="https://www.degruyter.com/document/cover/isbn/9783110748819/original">https://www.degruyter.com/document/cover/isbn/9783110748819/original</a> |
| 942 ## - ADDED ENTRY ELEMENTS (KOHA) |
| Koha item type |
E-Book |